[Event "Heraklion Tal Memorial 4th"]
[Site "Heraklion"]
[Date "2023.11.09"]
[Round "9"]
[White "Townsend, M Paul"]
[Black "Perkampus, Laurin"]
[Result "1/2-1/2"]
[WhiteElo "2170"]
[BlackElo "2134"]
[PlyCount "81"]
[EventDate "2023.11.01"]
[EventType "tourn"]
[EventRounds "9"]
[EventCountry "GRE"]
[SourceTitle "CB46_2023"]
[SourceDate "2023.11.15"]
[SourceVersion "1"]
[SourceVersionDate "2023.11.15"]
[SourceQuality "1"]

1. Nf3 Nf6 2. c4 g6 3. Nc3 Bg7 4. e4 e5 5. Nxe5 0-0 6. Nf3 Re8 7. Bd3 Nxe4 8. Bxe4 Bxc3 9. dxc3 Rxe4+ 10. Be3 Nc6 11. 0-0 d6 12. Qd2 Bf5 13. Nd4 Nxd4 14. Bxd4 f6 15. f3 Re8 16. b3 Qe7 17. Rfe1 Qf7 18. Qf4 Rxe1+ 19. Rxe1 Re8 20. Rxe8+ Qxe8 21. Kf2 c5 22. Bxf6 Qf8 23. Bg5 Bb1 24. Qd2 Qf5 25. Bf4 Bxa2 26. g4 Qf7 27. Bh6 Bxb3 28. Qxd6 Ba4 29. Qxc5 Bc6 30. f4 Qf6 31. Ke2 b6 32. Qe3 Bd7 33. Kd2 Qh4 34. f5 gxf5 35. gxf5 Qxh2+ 36. Kc1 Qh1+ 37. Kb2 Qg2+ 38. Kb3 Kf7 39. Qe5 Qg4 40. Qd5+ Ke7 41. Qe5+ 1/2-1/2

[Event "Heraklion Tal Memorial 4th"]
[Site "Heraklion"]
[Date "2023.11.05"]
[Round "5"]
[White "Sandalakis, Nikolaos"]
[Black "Townsend, M Paul"]
[Result "1/2-1/2"]
[WhiteElo "2192"]
[BlackElo "2170"]
[PlyCount "90"]
[EventDate "2023.11.01"]
[EventType "tourn"]
[EventRounds "9"]
[EventCountry "GRE"]
[SourceTitle "CB46_2023"]
[SourceDate "2023.11.15"]
[SourceVersion "1"]
[SourceVersionDate "2023.11.15"]
[SourceQuality "1"]

1. e4 e6 2. d4 d5 3. Nc3 Bb4 4. e5 Ne7 5. Qg4 Nf5 6. Bd3 h5 7. Qf4 c5 8. Bxf5 exf5 9. Nf3 Nc6 10. 0-0 Bxc3 11. bxc3 Be6 12. Rb1 cxd4 13. Rxb7 Na5 14. Rb1 dxc3 15. Qg3 Kf8 16. Ba3+ Kg8 17. Nd4 Rc8 18. h4 Rh6 19. Bc1 Rg6 20. Bg5 Qd7 21. Rb5 Nc6 22. Ne2 Nxe5 23. Rfb1 f6 24. Rb7 Qe8 25. Nf4 fxg5 26. Nxg6 Nxg6 27. Qxg5 d4 28. Rxa7 Rb8 29. Re1 Rb6 30. Qxh5 Qb8 31. Ra4 Rb1 32. Qe2 Nf4 33. Qf1 Rxe1 34. Qxe1 Qd6 35. g3 Ng6 36. Ra8+ Kh7 37. Qe2 Nf8 38. Qh5+ Kg8 39. Qe8 Bf7 40. Qc8 Bd5 41. Qd8 Qxd8 42. Rxd8 Bxa2 43. Rxd4 Bb1 44. Rc4 Bxc2 45. Rxc3 Be4 1/2-1/2

[Event "Heraklion Tal Memorial 4th"]
[Site "Heraklion"]
[Date "2023.11.01"]
[Round "1"]
[White "Stoumbos, Konstantinos"]
[Black "Townsend, M Paul"]
[Result "0-1"]
[WhiteElo "2130"]
[BlackElo "2170"]
[PlyCount "70"]
[EventDate "2023.11.01"]
[EventType "tourn"]
[EventRounds "9"]
[EventCountry "GRE"]
[SourceTitle "CB46_2023"]
[SourceDate "2023.11.15"]
[SourceVersion "1"]
[SourceVersionDate "2023.11.15"]
[SourceQuality "1"]

1. e4 e6 2. d4 d5 3. Nc3 Bb4 4. e5 Ne7 5. a3 Bxc3+ 6. bxc3 c5 7. h4 Qa5 8. Bd2 Qa4 9. h5 h6 10. Nf3 Nbc6 11. Bd3 c4 12. Be2 Bd7 13. 0-0 0-0-0 14. Nh2 Rdf8 15. Ng4 Nf5 16. Qc1 Be8 17. Re1 Rh7 18. Bd1 Nd8 19. Rb1 f6 20. Ne3 Nxe3 21. Rxe3 f5 22. g4 fxg4 23. Bxg4 g6 24. Rb4 Qd7 25. Rg3 gxh5 26. Bh3 Qf7 27. Rg2 Rg7 28. Rxg7 Qxg7+ 29. Bg2 Rg8 30. Qf1 Bg6 31. Kh2 Bxc2 32. Bh3 Bd3 33. Qe1 Bf5 34. Qf1 Bxh3 35. Kxh3 Qg4+ 0-1

[Event "BCF-chT 2223 (4NCL)"]
[Site "England"]
[Date "2023.02.12"]
[Round "6.3"]
[White "Rendle, Thomas E"]
[Black "Townsend, M Paul"]
[Result "1/2-1/2"]
[WhiteElo "2384"]
[BlackElo "2145"]
[PlyCount "85"]
[EventDate "2022.10.22"]
[EventType "team-swiss"]
[EventRounds "11"]
[EventCountry "ENG"]
[SourceTitle "CBM 213 Extra"]
[Source "ChessBase"]
[SourceDate "2023.05.31"]
[SourceVersion "1"]
[SourceVersionDate "2023.05.31"]
[SourceQuality "1"]
[WhiteTeam "The Sharks"]
[BlackTeam "Chessable White Rose II"]
[WhiteTeamCountry "ENG"]
[BlackTeamCountry "ENG"]

1. d4 e6 2. c4 Nf6 3. g3 d5 4. Bg2 Be7 5. Nf3 0-0 6. 0-0 c6 7. Nc3 Nbd7 8. Qd3 b6 9. e4 Bb7 10. e5 dxc4 11. Qxc4 Nd5 12. Nxd5 cxd5 13. Qd3 Nb8 14. Rd1 Ba6 15. Qe3 Nc6 16. Bd2 Rc8 17. h4 Na5 18. b3 Qd7 19. Bh3 Nc6 20. Qe1 Ba3 21. Bc1 Bxc1 22. Raxc1 Qe7 23. Qd2 Qa3 24. h5 h6 25. g4 Qe7 26. Rc3 Nb4 27. Rdc1 Rxc3 28. Rxc3 Rc8 29. a3 Nc6 30. Qc1 Qd7 31. g5 Ne7 32. gxh6 Rxc3 33. Qxc3 gxh6 34. Qe3 Kh7 35. Nh2 Ng8 36. f4 Qd8 37. f5 exf5 38. Bxf5+ Kg7 39. Nf3 Bc8 40. Qf4 Bxf5 41. Qxf5 Qc7 42. Kg2 Qc6 43. Qg4+ 1/2-1/2

[Event "BCF-chT 2223 (4NCL)"]
[Site "England"]
[Date "2023.02.11"]
[Round "5.2"]
[White "Townsend, M Paul"]
[Black "Jaracz, Pawel"]
[Result "1/2-1/2"]
[WhiteElo "2145"]
[BlackElo "2465"]
[PlyCount "37"]
[EventDate "2022.10.22"]
[EventType "team-swiss"]
[EventRounds "11"]
[EventCountry "ENG"]
[SourceTitle "CBM 213 Extra"]
[Source "ChessBase"]
[SourceDate "2023.05.31"]
[SourceVersion "1"]
[SourceVersionDate "2023.05.31"]
[SourceQuality "1"]
[WhiteTeam "Chessable White Rose II"]
[BlackTeam "Chess.com Manx Liberty"]
[WhiteTeamCountry "ENG"]
[BlackTeamCountry "ENG"]

1. d4 d5 2. Bf4 Nf6 3. e3 c5 4. c3 Nc6 5. Nd2 e6 6. Ngf3 Be7 7. Ne5 Nxe5 8. dxe5 Nd7 9. h4 f6 10. Nf3 0-0 11. Bd3 fxe5 12. Nxe5 Nxe5 13. Bxe5 Bf6 14. Qh5 g6 15. Bxg6 hxg6 16. Qxg6+ Kh8 17. Qh6+ Kg8 18. Qg6+ Kh8 19. Qh6+ 1/2-1/2

[Event "GBR-ch Seniors 50 108th"]
[Site "Torquay"]
[Date "2022.08.11"]
[Round "5"]
[White "Brusey, Alan W"]
[Black "Townsend, M Paul"]
[Result "0-1"]
[WhiteElo "1994"]
[BlackElo "2177"]
[PlyCount "106"]
[EventDate "2022.08.08"]
[EventType "swiss"]
[EventRounds "7"]
[EventCountry "ENG"]
[SourceTitle "EXT 2024"]
[Source "ChessBase"]
[SourceDate "2023.10.10"]
[SourceVersion "1"]
[SourceVersionDate "2023.10.10"]
[SourceQuality "1"]

1. e4 e6 2. d4 d5 3. e5 c5 4. c3 Bd7 5. Nf3 Nc6 6. Be2 Nge7 7. 0-0 Ng6 8. g3 Be7 9. h4 cxd4 10. cxd4 0-0 11. Nc3 f6 12. exf6 Bxf6 13. Bg5 Bxg5 14. Nxg5 Qf6 15. Bd3 h6 16. h5 Qxg5 17. Bxg6 Be8 18. Bxe8 Raxe8 19. Kg2 Qf6 20. f4 Nxd4 21. Rc1 Nf5 22. Qd3 d4 23. Ne4 Qf7 24. Rh1 e5 25. Qf3 exf4 26. g4 Ne3+ 27. Kh3 Qd5 28. Nd2 Qxf3+ 29. Nxf3 d3 30. Rh2 Nd5 31. Rd2 Re3 32. Kg2 Nf6 33. Rc7 Ne4 34. Rd1 Re2+ 35. Kg1 Rd8 36. Rxb7 d2 37. Rxa7 Ng5 38. Kf1 Re3 39. Nxg5 hxg5 40. Ra5 Rh3 41. Kf2 Rh2+ 42. Kf3 Re8 43. Rxg5 Re1 44. Rxd2 Rf1+ 45. Ke4 Rxd2 46. Rb5 f3 47. Rb8+ Kf7 48. g5 f2 49. g6+ Ke7 50. Rb7+ Rd7 51. Rxd7+ Kxd7 52. Kf3 Rh1 53. Kxf2 Rxh5 0-1

[Event "Harrogate 4NCL op 27th"]
[Site "Harrogate"]
[Date "2022.01.22"]
[Round "3"]
[White "Jones, Steven"]
[Black "Townsend, M Paul"]
[Result "1-0"]
[WhiteElo "2212"]
[BlackElo "2159"]
[PlyCount "95"]
[EventDate "2022.01.21"]
[EventType "swiss"]
[EventRounds "5"]
[EventCountry "ENG"]
[SourceTitle "CBM 206 Extra"]
[Source "ChessBase"]
[SourceDate "2022.03.31"]
[SourceVersion "1"]
[SourceVersionDate "2022.03.31"]
[SourceQuality "1"]

1. e4 e6 2. d4 d5 3. exd5 exd5 4. Nf3 Nf6 5. Bd3 c5 6. 0-0 c4 7. Re1+ Be7 8. Bf1 0-0 9. b3 cxb3 10. axb3 Nc6 11. Ne5 Nxe5 12. dxe5 Ne4 13. Bd3 Bb4 14. c3 Bc5 15. Be3 Bxe3 16. Rxe3 Bf5 17. Qc2 Bg6 18. Nd2 Nc5 19. Bxg6 hxg6 20. Nf3 Qb6 21. Nd4 Rac8 22. h4 Ne6 23. Nxe6 Qxe6 24. Qd3 a6 25. Ra4 Rc5 26. Rd4 Rfc8 27. Qd2 Qc6 28. Rdd3 a5 29. Rh3 b5 30. h5 Qe6 31. hxg6 fxg6 32. Qg5 Qf5 33. Qh4 Qh5 34. Qe7 Qf5 35. Rhf3 R5c7 36. Qd6 Qd7 37. Qxg6 Rc6 38. Qg5 a4 39. Qd2 a3 40. Rxd5 Qe6 41. Rd8+ Rxd8 42. Qxd8+ Kh7 43. Rh3+ Kg6 44. Qf8 Qxh3 45. gxh3 Ra6 46. Qc8 Ra5 47. Qc7 Ra6 48. Qb7 1-0

[Event "Paleochora op 14th"]
[Site "Paleochora"]
[Date "2021.07.26"]
[Round "5"]
[White "Townsend, M Paul"]
[Black "David, Alberto"]
[Result "0-1"]
[WhiteElo "2200"]
[BlackElo "2521"]
[PlyCount "74"]
[EventDate "2021.07.23"]
[EventType "swiss"]
[EventRounds "9"]
[EventCountry "GRE"]
[SourceTitle "EXT 2022"]
[Source "ChessBase"]
[SourceDate "2021.10.06"]
[SourceVersion "1"]
[SourceVersionDate "2021.10.06"]
[SourceQuality "1"]

1. d4 e6 2. Nf3 Nf6 3. e3 b6 4. Bd3 Bb7 5. 0-0 c5 6. c4 g6 7. Nc3 Bg7 8. d5 exd5 9. cxd5 0-0 10. e4 d6 11. Bf4 Nh5 12. Bg5 Bf6 13. Bh6 Re8 14. Qd2 Ba6 15. Bxa6 Nxa6 16. Rfe1 Nc7 17. a4 a6 18. g4 Ng7 19. Qf4 Qe7 20. Qg3 Rad8 21. h4 Rd7 22. Rad1 Qd8 23. Bg5 h5 24. e5 Bxg5 25. hxg5 hxg4 26. Qxg4 Nh5 27. Re3 b5 28. e6 fxe6 29. dxe6 Rde7 30. Ne5 Rxe6 31. Nxg6 Rxg6 32. Qxh5 Qxg5+ 33. Qxg5 Rxg5+ 34. Rg3 Rxg3+ 35. fxg3 b4 36. Nd5 Nxd5 37. Rxd5 Re2 0-1

[Event "Skalica Masters op"]
[Site "Skalica"]
[Date "2020.08.26"]
[Round "5"]
[White "Townsend, M Paul"]
[Black "Manik, Mikulas"]
[Result "1/2-1/2"]
[WhiteElo "2220"]
[BlackElo "2366"]
[PlyCount "44"]
[EventDate "2020.08.23"]
[EventType "swiss"]
[EventRounds "9"]
[EventCountry "SVK"]
[SourceTitle "CBM 198 Extra"]
[Source "ChessBase"]
[SourceDate "2020.11.30"]
[SourceVersion "1"]
[SourceVersionDate "2020.11.30"]
[SourceQuality "1"]

1. c4 g6 2. Nc3 Bg7 3. d4 Nf6 4. e4 d6 5. Nf3 0-0 6. Be2 e5 7. d5 a5 8. Bg5 h6 9. Bh4 Na6 10. Nd2 Bd7 11. 0-0 Qe8 12. b3 Nh7 13. a3 f5 14. f3 h5 15. Rb1 g5 16. Bf2 f4 17. b4 axb4 18. axb4 Qg6 19. c5 g4 20. c6 bxc6 21. dxc6 Be6 22. b5 Nc5 1/2-1/2